000 01042nam a2200301 a 4500
001 BRL_1328
005 20190320211142.0
008 070114s1992----mx-ao#####---#000-0#spa-#
020 _a9682937558
041 _aspa
044 _amx
050 4 _aNK844
_b.G66 1992
100 1 _aGómez Poncet, Jorge
_926540
245 1 0 _aSarapes
_cJorge Gómez Poncet ; colaboradora María de Lourdes Frías ; fotografía Gonzalo Gómez, Jorge Luis Hurtado y Martina Muño.
260 _aMéxico
_bINAH
_c1992
300 _a135 p.
_bil.
_c28 cm.
500 _aAu1553
500 _aCatálogo de las Colecciones Etnográficas del Museo Nacional de Antropologia- aparece en la parte inferior de la portada
500 _aIncluye dedicatoria a Ruth Lechuga
504 _aBibliografía: p. 51-55
650 1 4 _aSarapes
_zMéxico
_94390
700 1 _aFrías, María de Lourdes
_926541
700 1 _aGómez, Gonzalo
_eil.
_926542
700 1 _aHurtado, Jorge Luis
_eil.
_926543
700 1 _aNuño, Martina
_eil.
_926544
902 _aGRL
942 _2lcc
_cB
999 _c10140
_d10140